[Event "Cholet-C"]
[Site "Cholet"]
[Date "2012.02.21"]
[Round "5"]
[White "Julien, Jules Alois"]
[Black "Duhamel, William"]
[Result "1-0"]
[WhiteElo "1701"]
[BlackElo "1680"]
[PlyCount "59"]
[EventDate "2012.02.18"]
[EventType "tourn"]
[EventRounds "9"]
[EventCountry "FRA"]
[SourceTitle "EXT 2013"]
[Source "ChessBase"]
[SourceDate "2012.11.22"]
[SourceVersion "1"]
[SourceVersionDate "2012.11.22"]
[SourceQuality "1"]

1. d4 Nf6 2. Nf3 e6 3. Bf4 c5 4. c3 Qb6 5. Qc2 Nc6 6. e3 cxd4 7. exd4 d5 8. Nbd2 Be7 9. Bd3 h6 10. 0-0 Bd7 11. Bg3 a6 12. h3 g5 13. Ne5 Nxe5 14. Bxe5 Rg8 15. Rfe1 g4 16. hxg4 Rxg4 17. Re2 0-0-0 18. c4 Bc6 19. Bxf6 Rxg2+ 20. Kxg2 dxc4+ 21. Be4 Bxf6 22. Nxc4 Qc7 23. Bxc6 Qxc6+ 24. Qe4 Rg8+ 25. Kh1 Qxe4+ 26. Rxe4 Kb8 27. Rg1 Rd8 28. Rf4 Bxd4 29. Rd1 e5 30. Nxe5 1-0